Online Catalogue and eLibrary

Seminar "Žene i politika: feminizmi na istočni način" : (Record no. 502)

MARC details
000 -LEADER
fixed length control field 00831cam a22002414a 4500
001 - CONTROL NUMBER
control field 13250597
005 - DATE AND TIME OF LATEST TRANSACTION
control field 20240227052953.0
008 - FIXED-LENGTH DATA ELEMENTS--GENERAL INFORMATION
fixed length control field 030624s2000 ci a bs 100 0 hrv
020 ## - INTERNATIONAL STANDARD BOOK NUMBER
ISBN 9536860023
040 ## - CATALOGING SOURCE (பட்டியலாக்க மூலம்)
Original cataloging agency DLC
Transcribing agency DLC
Modifying agency DLC
082 ## - DDC Classification
DDC Edition Number 22
Class No. 323.33.
Item Number - Author Mark ZEN.
245 10 - TITLE STATEMENT
Title Seminar "Žene i politika: feminizmi na istočni način" :
Remainder of title dokumentacija, Dubrovnik, 17.-21. 5. 2000 = Seminar "Women and Politics: Feminisms with an Eastern Touch" : documentation, Dubrovnik, 17-21, 5 2000 / [urednice Đurda Knežević, Koraljka Dolić, Anne Dabb].
260 ## - PUBLICATION, DISTRIBUTION, ETC.
Place of publication, distribution, etc. Zagreb :
Name of publisher, distributor, etc. Ženska infoteka,
Date of publication, distribution, etc. 2000.
300 ## - PHYSICAL DESCRIPTION
Extent (e.g. Volumes, Pages etc.) 287 p. :
650 #0 - SUBJECT ADDED ENTRY--TOPICAL TERM
Topical term or geographic name entry element Women
650 #0 - SUBJECT ADDED ENTRY--TOPICAL TERM
Topical term or geographic name entry element Women
650 #0 - SUBJECT ADDED ENTRY--TOPICAL TERM
Topical term or geographic name entry element Feminism
650 #0 - SUBJECT ADDED ENTRY--TOPICAL TERM
Topical term or geographic name entry element Feminism
700 1# - ADDED ENTRY--PERSONAL NAME
Personal name Knežević, Đurđa.
Relator term (Role) Editor
700 1# - ADDED ENTRY--PERSONAL NAME
Personal name Dilić, Koraljka.
Relator term (Role) Editor
700 1# - ADDED ENTRY--PERSONAL NAME
Personal name Dabb, Anne.
Relator term (Role) Editor
942 ## - Koha item type (Biblio)
Koha item type Books in Stacks (Lending)
Holdings
Lost status Damaged status Collection code Home library Current library Date acquired Full call number Accession Number Item type
    Lending WERC Library WERC Library 02/27/2024 323.33. ZEN. 4280 Books in Stacks (Lending)

© WERC Library